UBT Library

Interne Revision : Investitionsprüfung / (Record no. 251)

000 -LEADER
fixed length control field 00506nam a22001697a 4500
008 - FIXED-LENGTH DATA ELEMENTS--GENERAL INFORMATION
fixed length control field 131111b xxu||||| |||| 00| 0 gerd
020 ## - INTERNATIONAL STANDARD BOOK NUMBER
International Standard Book Number 385422834
041 0# - LANGUAGE CODE
Language code of text/sound track or separate title ger
080 ## - UNIVERSAL DECIMAL CLASSIFICATION NUMBER
Universal Decimal Classification number 330.322
245 00 - TITLE STATEMENT
Title Interne Revision : Investitionsprüfung /
Statement of responsibility, etc Arbeitsgemeinschaft Interne Revision
260 ## -
-- Wien :
-- Service Fachverlag ;
-- 1994.
300 ## -
-- 191 f. :
-- me il. ;
-- 24 cm.
490 ## -
-- Arbeitsgemeinschaft Interne Revision
-- 11
500 ## -
-- Vorwort : f. 1-2
650 #0 -
-- Investimet
942 ## - ADDED ENTRY ELEMENTS (KOHA)
Source of classification or shelving scheme
Item type Books

No items available.

UBT Library © 2015-2024. All rights reserved University Education for Business and Technology